000
00213nmm a2200085Ia 4500
008
220120s9999||||xx |||||||||||||||||und||
100
_a
BPB publication
_9
1389
245
0
_a
Software testing
260
_a
BPB publication
999
_c
139563
_d
139563